Online
Catalog

Isaac y Jacob : (Record no. 20508)

MARC details
000 -CABECERA
campo de control de longitud fija 00721nam a2200205 a 4500
001 - NÚMERO DE CONTROL
campo de control 000021005
005 - FECHA Y HORA DE LA ÚLTIMA TRANSACCIÓN
campo de control 20200930011217.0
008 - DATOS DE LONGITUD FIJA--INFORMACIÓN GENERAL
campo de control de longitud fija 100828s|||| xxu r 000 0cspa d
040 ## - FUENTE DE LA CATALOGACIÓN
Centro catalogador/agencia de origen DO-SdBNP
Lengua de catalogación spa
Centro/agencia transcriptor BNPHU
082 ## - NÚMERO DE LA CLASIFICACIÓN DECIMAL DEWEY
Número de clasificación 222.11092
Número de documento/Ítem R261i
049 ## - FONDOS LOCALES (OCLC)
Fondos de biblioteca BNGR
100 1# - ENTRADA PRINCIPAL--NOMBRE DE PERSONA
Nombre de persona Rawlinson, Jorge,
9 (RLIN) 43961
245 10 - MENCIÓN DE TÍTULO
Título Isaac y Jacob :
Resto del título sus vidas y sus tiempos /
Mención de responsabilidad, etc. Jorge Rawlinson ; traducción de Sara A. Hale.
260 ## - PUBLICACIÓN, DISTRIBUCIÓN, ETC.
Lugar de publicación, distribución, etc. El Paso, Texas :
Nombre del editor, distribuidor, etc. Casa Bautista de Publicaciones,
Fecha de publicación, distribución, etc. [19??].
300 ## - DESCRIPCIÓN FÍSICA
Extensión 236 p. ;
Dimensiones 20 cm.
504 ## - NOTA DE BIBLIOGRAFÍA, ETC.
Nota de bibliografía, etc. Incluye referencias bibliográficas y notas al pie de las páginas.
650 #4 - PUNTO DE ACCESO ADICIONAL DE MATERIA--TÉRMINO DE MATERIA
Término de materia o nombre geográfico como elemento de entrada Profetas
Subdivisión general Biografías
9 (RLIN) 43962
650 #4 - PUNTO DE ACCESO ADICIONAL DE MATERIA--TÉRMINO DE MATERIA
Término de materia o nombre geográfico como elemento de entrada Biografía religiosa
9 (RLIN) 42125
700 1# - PUNTO DE ACCESO ADICIONAL--NOMBRE DE PERSONA
Nombre de persona Hale, Sara A.,
Término indicativo de función/relación tr.
9 (RLIN) 4421
Holdings
Estado de retiro Estado de pérdida Restricciones de uso No para préstamo Código de colección Localización permanente Ubicación/localización actual Ubicación en estantería Fecha de adquisición Número de inventario Total de préstamos Signatura topográfica completa Código de barras Fecha visto por última vez Precio válido a partir de Tipo de ítem Koha
    Préstamo interno   Monografías: Libros y Folletos General General En catalogación 28.08.2010 LF1   222.11092 R261i 21005-10 25.06.2020 25.06.2020 Préstamo interno
    Préstamo interno   Monografías: Libros y Folletos General General En catalogación 12.01.2011 LF1   E. 2 21005-20 25.06.2020 25.06.2020 Préstamo interno

Powered by Koha